000
00273nam a2200109Ia 4500
008
231212s1983 xx 000 0 und d
041
_a
eng
082
_a
621.3815`4
100
_a
Gaonkar
245
_a
Microprocessor Architecture Prog.
260
_a
COlifornia
_b
Mc Graw
_c
1983
999
_c
959888
_d
959888